Bunyoro ; (Record no. 7922)

MARC details
000 -LEADER
fixed length control field 00450nam a22001457a 4500
008 - FIXED-LENGTH DATA ELEMENTS--GENERAL INFORMATION
fixed length control field 190425b ||||| |||| 00| 0 eng d
082 ## - DEWEY DECIMAL CLASSIFICATION NUMBER
Classification number 301 B36b 1960
100 ## - MAIN ENTRY--PERSONAL NAME
Personal name Beattie, John
245 ## - TITLE STATEMENT
Title Bunyoro ;
Remainder of title an African kingdom.
260 ## - PUBLICATION, DISTRIBUTION, ETC.
Place of publication, distribution, etc. New York,
Name of publisher, distributor, etc. Holt, Rinehart and Winston.
Date of publication, distribution, etc. 1960.
300 ## - PHYSICAL DESCRIPTION
Extent ix, 86 p.
Other physical details illus., port., map.
Dimensions 24 cm.
500 ## - GENERAL NOTE
General note <br/>Bibliography: p. 84-86.
650 ## - SUBJECT ADDED ENTRY--TOPICAL TERM
Topical term or geographic name entry element Ethnology--Uganda. Bunyoro (Uganda)
942 ## - Added entry Elements (Koha)
Source of classification or shelving scheme Dewey Decimal Classification
Holdings
Withdrawn status Lost status Source of classification or shelving scheme Damaged status Not for loan Collection code Home library Current library Shelving location Date acquired Serial Enumeration / chronology Total Checkouts Full call number Barcode Date last seen Price effective from Koha item type
    Dewey Decimal Classification     Main TEST RTC Library RTC Library Main opac 25/04/2019 13731   301 BEA 30001469 25/04/2019 25/04/2019 Main
Royal Thimphu College || All Right Reserved